Banner Homes Group plc v Luff Developments (Record no. 62538)

MARC details
000 -LEADER
fixed length control field 00919cam a2200181 4500
001 - CONTROL NUMBER
control field X104218
008 - FIXED-LENGTH DATA ELEMENTS--GENERAL INFORMATION
fixed length control field 000000n2000 000 0 eng u
035 ## - SYSTEM CONTROL NUMBER
System control number (Sirsi) u104218
245 ## - TITLE STATEMENT
Title Banner Homes Group plc v Luff Developments
260 ## - PUBLICATION, DISTRIBUTION, ETC.
Date of publication, distribution, etc. 2000
490 ## - SERIES STATEMENT
Series statement Estates Gazette Case Summaries
Volume/sequential designation [2000] EGCS 15 (1)
520 ## - SUMMARY, ETC.
Summary, etc. CA 28 January 2000. Parties coming to non-binding agreement to buy site as a joint venture. Company formed by defendant as vehicle for venture. Defendant announcing withdrawal from venture after arranging for company to acquire site and effect subsale of part. Claimant seeking declaration that company shares held by defendant on constructive trust. Claimant successful on appeal.
650 ## - SUBJECT ADDED ENTRY--TOPICAL TERM
Topical term or geographic name entry element BANNER HOMES GROUP PLC V LUFF DEVELOPMENTS
650 ## - SUBJECT ADDED ENTRY--TOPICAL TERM
Topical term or geographic name entry element CONSTRUCTIVE TRUSTS
650 ## - SUBJECT ADDED ENTRY--TOPICAL TERM
Topical term or geographic name entry element JOINT VENTURES
690 ## - LOCAL SUBJECT ADDED ENTRY--TOPICAL TERM (OCLC, RLIN)
Topical term or geographic name as entry element MANAGEMENT-BUSINESS MANAGEMENT-PROFESSIONAL PRACTICE
942 ## - ADDED ENTRY ELEMENTS (KOHA)
Suppress in OPAC 0

No items available.